Statistics for Fictional Houses in Literature

Click here to take the quiz!

General Stats

  • This quiz has been taken 117 times
  • The average score is 7 of 14

Answer Stats

House/AddressAnswer% Correct
221B Baker StreetSherlock Holmes
90%
4 Privet DriveHarry Potter
89%
PemberleyPride and Prejudice
82%
Toad HallThe Wind in the Willows
69%
TaraGone with the Wind
67%
ManderleyRebecca
66%
Wayne ManorBatman
65%
Bag EndThe Hobbit/The Lord of the Rings
63%
Thornfield HallJane Eyre
61%
Radley PlaceTo Kill a Mockingbird
30%
Misselthwaite ManorThe Secret Garden
22%
Satis HouseGreat Expectations
17%
Marchmain HouseBrideshead Revisited
12%
Marlinspike HallThe Adventures of Tintin
6%

Score Distribution

Percentile by Number Answered

Percent of People with Each Score

Your Score History

You have not taken this quiz